<?xml version="1.0" encoding="UTF-8"?>
<record
    xmlns:xsi="http://www.w3.org/2001/XMLSchema-instance"
    xsi:schemaLocation="http://www.loc.gov/MARC21/slim http://www.loc.gov/standards/marcxml/schema/MARC21slim.xsd"
    xmlns="http://www.loc.gov/MARC21/slim">

  <leader>01659nam a22001937a 4500</leader>
  <controlfield tag="003">OSt</controlfield>
  <controlfield tag="005">20230815154034.0</controlfield>
  <controlfield tag="008">140912b        xxu||||| |||| 00| 0 eng d</controlfield>
  <datafield tag="020" ind1=" " ind2=" ">
    <subfield code="a">9789988159610</subfield>
  </datafield>
  <datafield tag="040" ind1=" " ind2=" ">
    <subfield code="c">WIUC</subfield>
  </datafield>
  <datafield tag="050" ind1=" " ind2=" ">
    <subfield code="a">KRX3570.T29</subfield>
  </datafield>
  <datafield tag="100" ind1=" " ind2=" ">
    <subfield code="a">Tetteh, S. Kwame</subfield>
    <subfield code="9">2190</subfield>
  </datafield>
  <datafield tag="245" ind1=" " ind2=" ">
    <subfield code="a">Civil procedure: a practical approach /</subfield>
    <subfield code="c">S. Kwame Tetteh</subfield>
  </datafield>
  <datafield tag="260" ind1=" " ind2=" ">
    <subfield code="a">London:</subfield>
    <subfield code="b">Jellyfish solutions,</subfield>
    <subfield code="c">2011.</subfield>
  </datafield>
  <datafield tag="300" ind1=" " ind2=" ">
    <subfield code="a">cxxviii, 1152p.</subfield>
    <subfield code="c">22cm.</subfield>
  </datafield>
  <datafield tag="500" ind1=" " ind2=" ">
    <subfield code="a">includes index</subfield>
  </datafield>
  <datafield tag="505" ind1=" " ind2=" ">
    <subfield code="a">Contents: The Judicial system -- Parties -- Writ of summons -- Service -- Appearance -- Pleadings -- Counterclaims -- Commercial claims -- Commercial action -- Admissions -- Judgement in default of appearance or defence -- Summary judgement -- Third party and similar proceedings -- Applications for decisions -- Discovery and inspection -- Interrogatories -- Applications -- Amendment -- Interlocutory injunction and interim preservation of property -- Security for costs -- Payment into and out of court -- Absconding defendant and mareva injunction -- Account -- Expert evidence -- Inquiries -- Debenture holders' action -- Moneylenders' and mortgage actions -- Maritime actions -- Sale of land by court order -- Receivers -- Committal -- Defamation actions -- Intellectual property rights proceedings -- Interpleader -- Habeas corpus ad subjiciendum -- Insolvency -- Foreign proceedings -- Probate and administration -- Judicial review -- Withdrawal and discontinuance of proceedings -- Evidence -- Trial -- Judgements and orders -- Review -- Appeals -- Execution -- Time -- Costs -- Non-compliance with the rules -- Alternative dispute resolution.</subfield>
  </datafield>
  <datafield tag="942" ind1=" " ind2=" ">
    <subfield code="2">lcc</subfield>
    <subfield code="c">BK</subfield>
  </datafield>
  <datafield tag="999" ind1=" " ind2=" ">
    <subfield code="c">4764</subfield>
    <subfield code="d">12264</subfield>
  </datafield>
  <datafield tag="952" ind1=" " ind2=" ">
    <subfield code="0">0</subfield>
    <subfield code="1">0</subfield>
    <subfield code="2">lcc</subfield>
    <subfield code="4">0</subfield>
    <subfield code="7">0</subfield>
    <subfield code="a">WIUC-1</subfield>
    <subfield code="b">WIUC-1</subfield>
    <subfield code="c">LL</subfield>
    <subfield code="d">2014-09-12</subfield>
    <subfield code="o">KRX3570.T29</subfield>
    <subfield code="p">0155/13</subfield>
    <subfield code="r">2014-09-12 00:00:00</subfield>
    <subfield code="t">1</subfield>
    <subfield code="w">2014-09-12</subfield>
    <subfield code="y">BK</subfield>
  </datafield>
  <datafield tag="952" ind1=" " ind2=" ">
    <subfield code="0">0</subfield>
    <subfield code="1">0</subfield>
    <subfield code="2">lcc</subfield>
    <subfield code="4">0</subfield>
    <subfield code="7">0</subfield>
    <subfield code="a">WIUC-KL</subfield>
    <subfield code="b">WIUC-KL</subfield>
    <subfield code="c">LL</subfield>
    <subfield code="d">2023-07-07</subfield>
    <subfield code="o">KRX3570.T29</subfield>
    <subfield code="p">KSL/2485/687/23</subfield>
    <subfield code="r">2023-07-11 00:00:00</subfield>
    <subfield code="t">1</subfield>
    <subfield code="w">2014-09-12</subfield>
    <subfield code="y">BK</subfield>
  </datafield>
  <datafield tag="952" ind1=" " ind2=" ">
    <subfield code="0">0</subfield>
    <subfield code="1">0</subfield>
    <subfield code="2">lcc</subfield>
    <subfield code="4">0</subfield>
    <subfield code="7">0</subfield>
    <subfield code="a">WIUC-KL</subfield>
    <subfield code="b">WIUC-KL</subfield>
    <subfield code="c">LL</subfield>
    <subfield code="d">2023-07-07</subfield>
    <subfield code="l">0</subfield>
    <subfield code="o">KRX3570.T291</subfield>
    <subfield code="p">KSL/2486/688/23</subfield>
    <subfield code="r">2023-07-11 00:00:00</subfield>
    <subfield code="t">2</subfield>
    <subfield code="w">2014-09-12</subfield>
    <subfield code="y">BK</subfield>
  </datafield>
  <datafield tag="952" ind1=" " ind2=" ">
    <subfield code="0">0</subfield>
    <subfield code="1">0</subfield>
    <subfield code="2">lcc</subfield>
    <subfield code="4">0</subfield>
    <subfield code="7">0</subfield>
    <subfield code="a">WIUC-1</subfield>
    <subfield code="b">WIUC-1</subfield>
    <subfield code="c">LL</subfield>
    <subfield code="d">2023-07-14</subfield>
    <subfield code="o">KRX3570.T291</subfield>
    <subfield code="p">3035/203/23</subfield>
    <subfield code="r">2023-07-14 00:00:00</subfield>
    <subfield code="t">2</subfield>
    <subfield code="w">2023-07-14</subfield>
    <subfield code="y">BK</subfield>
  </datafield>
  <datafield tag="952" ind1=" " ind2=" ">
    <subfield code="0">0</subfield>
    <subfield code="1">0</subfield>
    <subfield code="2">lcc</subfield>
    <subfield code="4">0</subfield>
    <subfield code="7">0</subfield>
    <subfield code="a">WIUC-1</subfield>
    <subfield code="b">WIUC-1</subfield>
    <subfield code="c">LL</subfield>
    <subfield code="d">2023-07-14</subfield>
    <subfield code="o">KRX3570.T292</subfield>
    <subfield code="p">3036/204/23</subfield>
    <subfield code="r">2023-07-14 00:00:00</subfield>
    <subfield code="t">3</subfield>
    <subfield code="w">2023-07-14</subfield>
    <subfield code="y">BK</subfield>
  </datafield>
  <datafield tag="952" ind1=" " ind2=" ">
    <subfield code="0">0</subfield>
    <subfield code="1">0</subfield>
    <subfield code="2">lcc</subfield>
    <subfield code="4">0</subfield>
    <subfield code="7">0</subfield>
    <subfield code="8">NFIC</subfield>
    <subfield code="a">WIUC-1</subfield>
    <subfield code="b">WIUC-1</subfield>
    <subfield code="c">REF LAW SECTION</subfield>
    <subfield code="d">2024-07-04</subfield>
    <subfield code="l">0</subfield>
    <subfield code="o">KRX3570.T29</subfield>
    <subfield code="p">148/148/24</subfield>
    <subfield code="r">2024-07-04 00:00:00</subfield>
    <subfield code="t">1</subfield>
    <subfield code="w">2024-07-04</subfield>
    <subfield code="y">BK</subfield>
  </datafield>
  <datafield tag="952" ind1=" " ind2=" ">
    <subfield code="0">0</subfield>
    <subfield code="1">0</subfield>
    <subfield code="2">lcc</subfield>
    <subfield code="4">0</subfield>
    <subfield code="7">0</subfield>
    <subfield code="8">NFIC</subfield>
    <subfield code="a">WIUC-1</subfield>
    <subfield code="b">WIUC-1</subfield>
    <subfield code="c">REF LAW SECTION</subfield>
    <subfield code="d">2024-07-04</subfield>
    <subfield code="l">0</subfield>
    <subfield code="o">KRX3570.T291</subfield>
    <subfield code="p">149/149/24</subfield>
    <subfield code="r">2024-07-04 00:00:00</subfield>
    <subfield code="t">2</subfield>
    <subfield code="w">2024-07-04</subfield>
    <subfield code="y">BK</subfield>
  </datafield>
  <datafield tag="952" ind1=" " ind2=" ">
    <subfield code="0">0</subfield>
    <subfield code="1">0</subfield>
    <subfield code="2">lcc</subfield>
    <subfield code="4">0</subfield>
    <subfield code="7">0</subfield>
    <subfield code="8">NFIC</subfield>
    <subfield code="a">WIUC-1</subfield>
    <subfield code="b">WIUC-1</subfield>
    <subfield code="c">REF LAW SECTION</subfield>
    <subfield code="d">2024-07-04</subfield>
    <subfield code="l">0</subfield>
    <subfield code="o">KRX3570.T292</subfield>
    <subfield code="p">150/150/24</subfield>
    <subfield code="r">2024-07-04 00:00:00</subfield>
    <subfield code="t">3</subfield>
    <subfield code="w">2024-07-04</subfield>
    <subfield code="y">BK</subfield>
  </datafield>
</record>
